000 01609nam a2200349 i 4500
001 000003316
003 DO-SdBNP
005 20260128083357.0
007 ta
008 090707s1989 dr c r 000 0 spa d
040 _aDO-SdBNP
_bspa
_cBNPHU
_erda
082 4 _a342.7293066
_bY47a
_222
100 1 _aYépez Suncar, Luis S.
_qLuis Sebastián
_910416
_eautor
245 1 3 _aLa astreinte en lo contencioso-administrativo /
_cLuis S. Yépez Suncar ; prólogo, Néstor Contín Aybar.
250 _aSegunda edición
264 _aSanto Domingo :
_bCorripio,
_c1989.
300 _a143 páginas :
_bilustraciones; retratos ;
_c22 cm.
336 _2rdacontent
_atexto
_btxt
337 _2rdamedia
_asin mediación
_bn
338 _2rdacarrier
_avolumen
_bnc
500 _aIncluye datos biográficos del autor en la solapa.
500 _aIncluye referencias bibliográficas y notas a pie de páginas
500 _aIncluye índice
500 _aPresentado originalmente como trabajo de grado a la Facultad de Ciencias Jurídicas y Políticas de la Universidad Nacional Pedro Henríquez Ureña, para obtención de grado de Licenciado en Derecho.
504 _aBibliografía: páginas 127-130
586 _aEste libro fue premiado por la Federación Interaméricana de Abogados, en la XXVI conferencia de la entidad internacional, celebrada del 9-15 de mayo del 1987, en Buenos Aires, Argentina.
590 _aInventariado, 2023/BT
650 7 _aEjecución (Derecho)
_zRepública Dominicana
_910417
_2LIBRUNAM
700 1 _aContín Aybar, Néstor,
_eprólogo
_910408
910 _aBtavárez
942 _2ddc
_cLBS1
999 _c3147
_d3147